| 000 | 00705nam a2200265 i 4500 | ||
|---|---|---|---|
| 999 |
_c4895 _d4895 |
||
| 001 | 21800 | ||
| 003 | GBCCL | ||
| 005 | 20241126110529.0 | ||
| 008 | 750825s1975 ilu 000 0 eng | ||
| 010 | _a 74028510 | ||
| 020 |
_a088207718X : _c$1.95 |
||
| 035 | _a(OCoLC)01659377 | ||
| 040 |
_aDLC _cDLC |
||
| 049 | _aLBBK | ||
| 050 | 0 |
_aBS2415 _b.B333 |
|
| 082 |
_a232.954 _bBAL |
||
| 092 |
_a232.911 _bB182 |
||
| 100 | 1 |
_aBaldwin, Stanley C. _98916 |
|
| 245 | 1 | 0 |
_aWhat did Jesus say about that? / _cStanley C. Baldwin. |
| 260 |
_aWheaton, Ill. : _bVictor Books, _cc1975. |
||
| 300 |
_a156 p. ; _c21 cm. |
||
| 490 | 0 | _aAn Input book | |
| 600 | 0 | 0 |
_aJesus Christ _xTeachings. _9527 |
| 942 |
_2ddc _cBK _05 |
||